<?xml version="1.0" encoding="UTF-8"?>
<record
    xmlns:xsi="http://www.w3.org/2001/XMLSchema-instance"
    xsi:schemaLocation="http://www.loc.gov/MARC21/slim http://www.loc.gov/standards/marcxml/schema/MARC21slim.xsd"
    xmlns="http://www.loc.gov/MARC21/slim">

  <leader>02016nam0a2200421 i 4500</leader>
  <controlfield tag="001">RU\NLR\bibl\2083573</controlfield>
  <controlfield tag="005">20260503060830.0</controlfield>
  <datafield tag="010" ind1=" " ind2=" ">
    <subfield code="a">9785913380937</subfield>
    <subfield code="9">150</subfield>
  </datafield>
  <datafield tag="021" ind1=" " ind2=" ">
    <subfield code="a">RU</subfield>
    <subfield code="b">2013-73419</subfield>
    <subfield code="9">5034</subfield>
  </datafield>
  <datafield tag="035" ind1=" " ind2=" ">
    <subfield code="a">(nilc)RuMoRGB-006666373</subfield>
  </datafield>
  <datafield tag="035" ind1=" " ind2=" ">
    <subfield code="a">(NLR Aleph) 002073788</subfield>
  </datafield>
  <datafield tag="090" ind1=" " ind2=" ">
    <subfield code="a">4782950</subfield>
    <subfield code="c">4782950</subfield>
  </datafield>
  <datafield tag="100" ind1=" " ind2=" ">
    <subfield code="a">20131026d2013    u  y0rusy50      ca</subfield>
  </datafield>
  <datafield tag="101" ind1="0" ind2=" ">
    <subfield code="a">rus</subfield>
  </datafield>
  <datafield tag="102" ind1=" " ind2=" ">
    <subfield code="a">RU</subfield>
  </datafield>
  <datafield tag="105" ind1=" " ind2=" ">
    <subfield code="a">a   zzzz|||||</subfield>
  </datafield>
  <datafield tag="200" ind1="1" ind2=" ">
    <subfield code="a">&#x421;&#x43B;&#x430;&#x432;&#x438;&#x441;&#x442;&#x438;&#x447;&#x435;&#x441;&#x43A;&#x438;&#x435; &#x44D;&#x442;&#x44E;&#x434;&#x44B;</subfield>
    <subfield code="e">&#x438;&#x437;&#x431;&#x440;&#x430;&#x43D;&#x43D;&#x43E;&#x435;</subfield>
    <subfield code="f">&#x411;&#x440;&#x43E;&#x43D;&#x438;&#x441;&#x43B;&#x430;&#x432; &#x422;&#x430;&#x431;&#x430;&#x447;&#x43D;&#x438;&#x43A;&#x43E;&#x432;</subfield>
    <subfield code="g">[&#x440;&#x435;&#x434;.: &#x420;.&#x412;. &#x410;&#x43D;&#x434;&#x440;&#x435;&#x435;&#x432;&#x430;]</subfield>
  </datafield>
  <datafield tag="210" ind1=" " ind2=" ">
    <subfield code="a">&#x412;&#x43E;&#x440;&#x43E;&#x43D;&#x435;&#x436;</subfield>
    <subfield code="c">&#x426;&#x435;&#x43D;&#x442;&#x440; &#x434;&#x443;&#x445;&#x43E;&#x432;&#x43D;&#x43E;&#x433;&#x43E; &#x432;&#x43E;&#x437;&#x440;&#x43E;&#x436;&#x434;&#x435;&#x43D;&#x438;&#x44F; &#x427;&#x435;&#x440;&#x43D;&#x43E;&#x437;&#x435;&#x43C;&#x43D;&#x43E;&#x433;&#x43E; &#x43A;&#x440;&#x430;&#x44F;</subfield>
    <subfield code="d">2013</subfield>
  </datafield>
  <datafield tag="215" ind1=" " ind2=" ">
    <subfield code="a">254, [1] &#x441;.</subfield>
    <subfield code="c">&#x446;&#x432;. &#x43F;&#x43E;&#x440;&#x442;&#x440;.</subfield>
    <subfield code="d">21</subfield>
  </datafield>
  <datafield tag="300" ind1=" " ind2=" ">
    <subfield code="a">&#x41D;&#x430; &#x43E;&#x431;&#x43E;&#x440;&#x43E;&#x442;&#x435; &#x442;&#x438;&#x442;.&#x43B;. &#x430;&#x432;&#x442;.: &#x422;&#x430;&#x431;&#x430;&#x447;&#x43D;&#x438;&#x43A;&#x43E;&#x432; &#x411;.&#x42F;. - &#x443;&#x447;&#x435;&#x43D;&#x44B;&#x439; &#x438;&#x441;&#x442;&#x43E;&#x440;&#x438;&#x43A; &#x438; &#x43F;&#x440;&#x43E;&#x441;&#x432;&#x435;&#x442;&#x438;&#x442;&#x435;&#x43B;&#x44C;</subfield>
  </datafield>
  <datafield tag="320" ind1=" " ind2=" ">
    <subfield code="a">&#x411;&#x438;&#x431;&#x43B;&#x438;&#x43E;&#x433;&#x440;. &#x432; &#x43F;&#x43E;&#x434;&#x441;&#x442;&#x440;&#x43E;&#x447;. &#x43F;&#x440;&#x438;&#x43C;&#x435;&#x447;.</subfield>
  </datafield>
  <datafield tag="600" ind1=" " ind2="1">
    <subfield code="a">&#x422;&#x430;&#x431;&#x430;&#x447;&#x43D;&#x438;&#x43A;&#x43E;&#x432;</subfield>
    <subfield code="b">&#x411;. &#x42F;.</subfield>
    <subfield code="f">1936</subfield>
    <subfield code="g">&#x411;&#x440;&#x43E;&#x43D;&#x438;&#x441;&#x43B;&#x430;&#x432; &#x42F;&#x43A;&#x43E;&#x432;&#x43B;&#x435;&#x432;&#x438;&#x447;</subfield>
    <subfield code="j">&#x412;&#x43E;&#x441;&#x43F;&#x43E;&#x43C;&#x438;&#x43D;&#x430;&#x43D;&#x438;&#x44F;, &#x437;&#x430;&#x43F;&#x438;&#x441;&#x43A;&#x438; &#x438; &#x442;.&#x43F;</subfield>
    <subfield code="9">2185530</subfield>
    <subfield code="3">RU\NLR\AUTH\6601550278</subfield>
  </datafield>
  <datafield tag="606" ind1="1" ind2=" ">
    <subfield code="a">&#x420;&#x430;&#x431;&#x43E;&#x447;&#x435;&#x435; &#x434;&#x432;&#x438;&#x436;&#x435;&#x43D;&#x438;&#x435;</subfield>
    <subfield code="x">&#x418;&#x441;&#x442;&#x43E;&#x440;&#x438;&#x44F;</subfield>
    <subfield code="z">19 - 20 &#x432;&#x432;.</subfield>
    <subfield code="9">2429707</subfield>
    <subfield code="3">RU\NLR\AUTH\661446297</subfield>
  </datafield>
  <datafield tag="607" ind1=" " ind2=" ">
    <subfield code="a">&#x42E;&#x433;&#x43E;&#x441;&#x43B;&#x430;&#x432;&#x438;&#x44F;</subfield>
    <subfield code="x">&#x418;&#x441;&#x442;&#x43E;&#x440;&#x438;&#x44F;</subfield>
    <subfield code="z">20 - 21 &#x432;&#x432;.</subfield>
    <subfield code="9">2623117</subfield>
    <subfield code="3">RU\NLR\AUTH\661559677</subfield>
  </datafield>
  <datafield tag="686" ind1="1" ind2=" ">
    <subfield code="a">&#x422;3(0) 52-42</subfield>
  </datafield>
  <datafield tag="686" ind1="1" ind2=" ">
    <subfield code="a">&#x422;3(4&#x42E;) 6,02</subfield>
  </datafield>
  <datafield tag="686" ind1="1" ind2=" ">
    <subfield code="a">&#x422;3( 4&#x42E;)7,02</subfield>
  </datafield>
  <datafield tag="686" ind1="1" ind2=" ">
    <subfield code="a">&#x427;489.24(2&#x420;)7-8&#x422;&#x430;&#x431;&#x430;&#x447;&#x43D;&#x438;&#x43A;&#x43E;&#x432;</subfield>
  </datafield>
  <datafield tag="700" ind1=" " ind2="1">
    <subfield code="a">&#x422;&#x430;&#x431;&#x430;&#x447;&#x43D;&#x438;&#x43A;&#x43E;&#x432;</subfield>
    <subfield code="b">&#x411;. &#x42F;.</subfield>
    <subfield code="f">1936-</subfield>
    <subfield code="g">&#x411;&#x440;&#x43E;&#x43D;&#x438;&#x441;&#x43B;&#x430;&#x432; &#x42F;&#x43A;&#x43E;&#x432;&#x43B;&#x435;&#x432;&#x438;&#x447;</subfield>
    <subfield code="3">RU\NLR\AUTH\770133411</subfield>
    <subfield code="9">133377</subfield>
  </datafield>
  <datafield tag="702" ind1=" " ind2="1">
    <subfield code="4">340</subfield>
    <subfield code="a">&#x410;&#x43D;&#x434;&#x440;&#x435;&#x435;&#x432;&#x430;</subfield>
    <subfield code="b">&#x420;. &#x412;.</subfield>
    <subfield code="c">&#x440;&#x435;&#x434;&#x430;&#x43A;&#x442;&#x43E;&#x440; &#x444;&#x43E;&#x43D;&#x434;&#x430;</subfield>
    <subfield code="g">&#x420;&#x430;&#x438;&#x441;&#x430; &#x412;&#x430;&#x441;&#x438;&#x43B;&#x44C;&#x435;&#x432;&#x43D;&#x430;</subfield>
    <subfield code="3">RU\NLR\AUTH\770133414</subfield>
    <subfield code="9">133380</subfield>
  </datafield>
  <datafield tag="801" ind1=" " ind2="0">
    <subfield code="a">RU</subfield>
    <subfield code="b">RuMoRKP</subfield>
    <subfield code="c">20130912</subfield>
    <subfield code="g">RCR</subfield>
  </datafield>
  <datafield tag="801" ind1=" " ind2="2">
    <subfield code="a">RU</subfield>
    <subfield code="b">&#x420;&#x413;&#x411;</subfield>
    <subfield code="c">20131001</subfield>
    <subfield code="g">rcr</subfield>
  </datafield>
  <datafield tag="801" ind1=" " ind2="1">
    <subfield code="a">RU</subfield>
    <subfield code="b">RuMoRKP</subfield>
    <subfield code="c">20130912</subfield>
    <subfield code="2">rusmarc</subfield>
  </datafield>
  <datafield tag="801" ind1=" " ind2="2">
    <subfield code="a">RU</subfield>
    <subfield code="b">NLR</subfield>
    <subfield code="c">20131017</subfield>
    <subfield code="g">rcr</subfield>
  </datafield>
  <datafield tag="942" ind1=" " ind2=" ">
    <subfield code="c">BOOK</subfield>
  </datafield>
  <datafield tag="980" ind1=" " ind2=" ">
    <subfield code="a">NBR</subfield>
  </datafield>
</record>
